Kanye Tracklist - College Dropout - Statistics

General Stats
  • This quiz has been taken 54 times
  • The average score is 13 of 21
Answer Stats
Track # Track Name % Correct
4 All Falls Down
88%
19 Through The Wire
78%
6 Spaceship
76%
2 We Don’t Care
73%
10 Workout Plan (skit)
73%
7 Jesus Walks
68%
11 New Workout Plan
68%
12 Slow Jamz
68%
20 Family business
66%
1 Intro
66%
21 Last Call
66%
15 School Spirit
61%
17 Lil Jimmy
59%
8 Never Let Me Down
59%
18 Two Words
59%
3 Graduation Day
56%
5 I’ll fly away
51%
13 Breathe In Breathe Out
49%
9 Get ‘em High
49%
14 School Spirit (Skit 1)
37%
16 School Spirit (Skit 2)
37%
No matching quizzes found
Score Distribution
Percent of People with Each Score
Percentile by Number Answered
Your Score History
You have not taken this quiz